Statistics for Arctic Monkeys Lyrics - Baby I'm Yours

Click here to take the quiz!

General Stats

  • This quiz has been taken 73 times
  • The average score is 145 of 162

Answer Stats

Lyrics% Correct
I
100%
Baby,
98%
(Baby,
98%
be
98%
I'm
98%
you
98%
your
98%
Yours
98%
yours
98%
yours)
98%
yours,
98%
I'll
94%
the
94%
'til
94%
until
94%
And
92%
and
92%
end
90%
in
90%
In
90%
of
90%
out
90%
run
90%
die
88%
hear
88%
time
88%
words,
88%
by
87%
fall
87%
from
87%
here
87%
other
87%
poets
87%
rhyme
87%
right
87%
sky
87%
stars
87%
stay
87%
gonna
85%
no
85%
side
85%
sun
85%
longer
83%
my
83%
three
83%
two
83%
world
83%
me
81%
to
81%
is
79%
Nothing
79%
rivers
79%
satisfied
79%
shines
79%
all
77%
could
77%
day,
77%
dry
77%
Every
77%
away
75%
best
75%
do
75%
drive
75%
eternity
75%
keep
75%
say
75%
you'll
75%
mountain
69%
sea
69%
crumbles
67%

Score Distribution

Percentile by Number Answered

Percent of People with Each Score

Your Score History

You have not taken this quiz